[Event "9th Aosta Valley"]
[Site "Saint Vincent ITA"]
[Date "2001.02.10"]
[Round "8"]
[White "Arencibia,W"]
[Black "Skripchenko,A"]
[Result "1-0"]
[WhiteElo "2534"]
[BlackElo "2450"]

1.Nf3 d5 2.g3 Nf6 3.Bg2 c6 4.O-O Bg4 5.c4 e6 6.Qb3 Qb6 7.Qc2 Nbd7 8.d3 h6
9.Nc3 Be7 10.e4 dxe4 11.dxe4 Bxf3 12.Bxf3 e5 13.Be3 Qc7 14.Na4 Nf8 15.c5 Ne6
16.Rfd1 O-O 17.Be2 Rfd8 18.Kg2 Nd7 19.h4 Ndf8 20.Bc4 h5 21.a3 g6 22.Rxd8 Rxd8
23.Rd1 Nd4 24.Bxd4 exd4 25.b4 Bf6 26.Nb2 Bg7 27.Nd3 Qe7 28.Re1 a5 29.bxa5 Ra8
30.a6 bxa6 31.Qa4 Qb7 32.Re2 a5 33.Rb2 Qc7 34.Qb3 Rc8 35.Qb7 Nd7 36.Qa6 Nb8
37.Qa8 Rf8 38.Rb7 Qd8 39.Qa7  1-0

[Event "9th Aosta Valley"]
[Site "Saint Vincent ITA"]
[Date "2001.02.11"]
[Round "9"]
[White "Drasko,M"]
[Black "Gleizerov,E"]
[Result "1/2-1/2"]
[WhiteElo "2510"]
[BlackElo "2586"]

1.Nf3 d5 2.g3 g6 3.Bg2 Bg7 4.d4 Nf6 5.O-O O-O 6.c4 dxc4 7.Na3 Nc6 8.Nxc4 Be6
9.b3 Bd5 10.Bb2 a5 11.Ne3 Be4 12.a3 Qc8 13.Nc4 Bd5 14.Rc1 h6 15.e3 Qe6 16.Qc2 Ne4
17.Rfd1 f5 18.Ne1 g5 19.Nd3 b6 20.Nd2 Rac8 21.b4 axb4 22.axb4 Nb8 23.Ne5 Nxd2
24.Bxd5 Qxd5 25.Rxd2 c6 26.Qc4 Rfd8 27.Nd3 Kf7 28.Rdc2 Ke8 29.b5 Qxc4 30.Rxc4 Kd7
31.bxc6+ Rxc6 32.Rxc6 Nxc6 33.d5 Nb4 34.Nxb4 Bxb2 35.Rc6 Ba3 36.Rxb6 Bxb4
37.Rxb4 Kd6 38.Rb6+ Kxd5 39.Rxh6 Ke4 40.Kg2 e5 41.Ra6 g4 42.Ra4+ Kd3 43.h3 gxh3+
44.Kxh3 Ke2 45.Kg2 Rd2 46.Ra5 Ke1 47.Ra1+ Ke2 48.Rh1 Rd8 49.Rh7 Rf8 50.Re7 e4
51.Rh7 Rf6 52.Rh4 Rg6 53.Rf4 Rg5 54.g4 Kd3 55.Rxf5 Rxg4+ 56.Kf1 Rg8 57.Rd5+ Kc3
58.Ke2 Re8 59.Rc5+ Kb4 60.Rc7 Kb5 61.Kf1 Rg8 62.Re7 Rg4 63.Rf7 Rg8 64.Rc7 Rg6
65.Rc8 Rg7 66.Ke2 Re7 67.Kd2 Rf7 68.Ke1 Re7 69.Kf1 Rg7 70.Ke1 Re7 71.Kd1 Rd7+
72.Ke2 Re7 73.Kf1 Rg7  1/2-1/2

[Event "TCh-SVK"]
[Site "SVK"]
[Date "2001.02.11"]
[Round "9"]
[White "Rachela,M"]
[Black "Cibulka,V"]
[Result "1/2-1/2"]
[WhiteElo "2265"]
[BlackElo "2309"]

1.Nf3 d5 2.g3 Nf6 3.Bg2 Bf5 4.d3 h6 5.O-O e6 6.Nbd2 c6 7.b3 Bc5 8.Bb2 O-O
9.Qe1 Qe7 10.a3 a5 11.e4 Bh7 12.Qe2 Na6 13.Ne5 Rfd8 14.Ng4 Nxg4 15.Qxg4 f5
16.exf5 exf5 17.Qd1 Re8  1/2-1/2

[Event "ch-ROM"]
[Site "Baile Tusnad ROM"]
[Date "2001.02.12"]
[Round "8"]
[White "Manea,A"]
[Black "Danilov,V"]
[Result "1/2-1/2"]
[WhiteElo "2301"]
[BlackElo "2343"]

1.Nf3 d5 2.g3 Nf6 3.Bg2 g6 4.O-O Bg7 5.d4 O-O 6.c4 Nc6 7.cxd5 Nxd5 8.Nc3 Nb6
9.d5 Na5 10.e4 c6 11.Re1 Re8 12.Na4 cxd5 13.Nxb6 axb6 14.exd5 e5 15.Nd2 Bf5
16.Qe2 Qc8 17.a4 Qc2 18.Ra3 Rac8 19.g4 Bd7 20.b4 Nc4 21.Be4 Nxa3 22.Bxc2 Nxc2
23.Rf1 Nd4 24.Qd3 Bxa4 25.Bb2 Bb5 26.Qe3 Bxf1 27.Kxf1 Red8 28.Bxd4 exd4 29.Qe4 Rd7
30.Nf3 Rcd8 31.Nxd4 Bxd4 32.Qxd4 b5 33.Qb6 Rxd5 34.Qxb7 h5 35.h3 hxg4 36.hxg4 Kg7
37.Qe7 R8d7 38.Qe2 R7d6 39.Qe3 Rd1+ 40.Kg2 R6d5 41.Qe7 R1d4 42.Kg3 g5 43.Qb7 Re5
44.Qb8 Rd3+ 45.Kg2 Red5 46.Qb7 Rd2 47.Qe7 R2d4 48.Kh3 Rf4 49.Kg3 Rd3+ 50.Kh2 Kg6
51.Qe8 Rxf2+ 52.Kg1 Rff3 53.Qg8+ Kf6 54.Qh8+ Ke6 55.Qe8+ Kd5 56.Qxb5+ Ke4
57.Qxg5 Rf4 58.Qe7+ Kf3 59.Qb7+ Kxg4 60.Qc8+ Kg3 61.Qc2 Rdf3 62.Qe2 Kh4 63.Qe7+ Kh3
64.Qe2 Rg3+ 65.Kh1 Rff3 66.b5 Rf5 67.b6 Rgf3 68.Qg2+ Kh4 69.b7 Rf1+ 70.Kh2 R1f2
71.b8=Q Rxg2+ 72.Kxg2 Kg5 73.Kg3 Rf6 74.Qd8 Kf5 75.Qe8 Rg6+ 76.Kf3 Kf6 77.Qf8 Ke6
78.Qd8 Kf5 79.Qh8 Ke6 80.Qf8 Ke5 81.Ke3 Kf6 82.Kf4 Rg2 83.Qh8+ Ke7 84.Qh3 Rg6
85.Qa3+ Ke8 86.Kf5 Re6 87.Qb4 Rg6 88.Qb8+ Ke7  1/2-1/2

[Event "1st Open de L'Estuaire"]
[Site "Trignac FRA"]
[Date "2001.02.12"]
[Round "4"]
[White "Lupu,MS"]
[Black "Kacheishvili,G"]
[Result "0-1"]
[WhiteElo "2458"]
[BlackElo "2556"]

1.Nf3 d5 2.g3 Nc6 3.d4 Bf5 4.c3 Nf6 5.Bg2 e6 6.O-O Be7 7.Nbd2 Ne4 8.Qb3 Na5
9.Qa4+ c6 10.Ne5 Nxd2 11.Bxd2 f6 12.c4 Nxc4 13.Nxc4 b5 14.Qa6 bxc4 15.e4 Bxe4
16.Bxe4 dxe4 17.Qxc6+ Kf7 18.Qxc4 Qd5 19.Rac1 Rhb8 20.b3 a5 21.Rfe1 Rb7 22.h4 f5
23.Bf4 a4 24.bxa4 Qd7 25.Be5 Rxa4 26.Qe2 Kg8 27.Rc2 h6 28.Rec1 Bd6 29.h5 Kh7
30.Rc8 Bxe5 31.dxe5 Rb1 32.Kg2 Rxc1 33.Rxc1 Qd5 34.Rd1 Qa8 35.Rd6 e3+ 36.Qf3 e2  0-1

[Event "ch-Pol u20"]
[Site "Brzeg Dolny POL"]
[Date "2001.02.13"]
[Round "7"]
[White "Wisniewski,Adr"]
[Black "Tomczak,Raf"]
[Result "0-1"]
[WhiteElo "2292"]
[BlackElo "2314"]

1.Nf3 d5 2.g3 c6 3.Bg2 Nf6 4.O-O Bf5 5.d3 e6 6.Nbd2 h6 7.b3 Be7 8.Bb2 O-O
9.Re1 Bh7 10.e4 Na6 11.e5 Nd7 12.Qe2 Nc7 13.Nf1 a5 14.a3 a4 15.b4 c5 16.bxc5 Nxc5
17.Nd4 Qd7 18.Nd2 Rab8 19.f4 b5 20.N2f3 N5a6 21.Red1 Rb6 22.Qd2 Rfb8 23.Bc3 b4
24.axb4 Bxb4 25.Bxb4 Rxb4 26.Qc3 R8b6 27.Qa3 Nb5 28.Nxb5 Qxb5 29.Bf1 Bg6
30.d4 Qa5 31.Rdc1 Nc7 32.c3 Rb1 33.Nd2 R1b2 34.Ra2 Rxa2 35.Qxa2 a3 36.Nb3 Qa4
37.Nc5 Rb2 38.Nxa4 Rxa2 39.c4 Bc2 40.cxd5 Nxd5 41.Nc5 Rb2  0-1

[Event "ch-ROM Women"]
[Site "Baile Tusnad ROM"]
[Date "2001.02.14"]
[Round "7"]
[White "Apostoaie,Li"]
[Black "Cosma,E"]
[Result "0-1"]
[WhiteElo "2180"]
[BlackElo "2343"]

1.Nf3 d5 2.g3 Nf6 3.Bg2 e6 4.O-O Be7 5.d4 O-O 6.c4 Nbd7 7.Qc2 c6 8.b3 b6
9.Bb2 Bb7 10.Nbd2 Rc8 11.Rac1 c5 12.Qb1 dxc4 13.Nxc4 b5 14.Ne3 Qb6 15.Qa1 Rc7
16.a4 Rfc8 17.Ba3 Bf8 18.Rfd1 h6 19.Bb2 a6 20.Nf1 Bd5 21.N1d2 Qb7 22.Ne1 Ne4
23.Nxe4 Bxe4 24.Qa2 Bxg2 25.Nxg2 c4 26.bxc4 Rxc4 27.axb5 Qxb5 28.Ne3 Rxc1
29.Rxc1 Rxc1+ 30.Bxc1 Nb6 31.Nd1 Nd5 32.Qb2 Bb4 33.e4 Nf6 34.Qc2 Qb7 35.f3 a5
36.Nb2 Nd7 37.Be3 Nb6 38.Kf2 Ba3 39.Nd3 a4 40.Qa2 Bf8 41.Bc1 Qa6 42.Ne1 Qb5
43.Bb2 Nc4 44.Nd3 Na5 45.Nc1 Nc6 46.Bc3 Bb4 47.Ba1 Bf8 48.Bc3 Be7 49.Qa1 Bb4
50.Na2 Bxc3 51.Nxc3 Qd3 52.Ne2 a3 53.d5 exd5 54.Qc1 a2 55.Nc3 Nd4  0-1

[Event "ch-Pol u20"]
[Site "Brzeg Dolny POL"]
[Date "2001.02.15"]
[Round "9"]
[White "Stryjecki,M"]
[Black "Owczarzak,J"]
[Result "1/2-1/2"]
[WhiteElo "2445"]
[BlackElo "2311"]

1.g3 d5 2.Nf3 Nf6 3.Bg2 c6 4.O-O Bf5 5.d3 e6 6.c4 dxc4 7.dxc4 Qxd1 8.Rxd1 Bc2
9.Rf1 Nbd7 10.Nc3 h6 11.Nd4 Bh7 12.Nb3 O-O-O 13.Be3 Nb6 14.h3 Kb8  1/2-1/2

[Event "12th Goodricke Open"]
[Site "Calcutta IND"]
[Date "2001.02.16"]
[Round "11"]
[White "Markowski,T"]
[Black "Harikrishna,P"]
[Result "1/2-1/2"]
[WhiteElo "2595"]
[BlackElo "2514"]

1.g3 d5 2.Nf3 Nf6 3.Bg2 Bf5 4.O-O e6 5.d3 Be7 6.c4 O-O 7.Qb3 Qc8 8.cxd5 exd5
9.Nc3 c6 10.Re1 Na6 11.e4 dxe4 12.dxe4 Be6 13.Qc2 Nb4 14.Qe2 Rd8 15.e5 Nfd5
16.Nxd5 Bxd5 17.a3 Na6 18.h4 Nc5 19.Bg5 Bxg5 20.Nxg5 h6 21.Ne4 Nxe4 22.Bxe4 Qe6
23.Rad1 Bxe4 24.Qxe4 Qb3 25.Rxd8+ Rxd8 26.e6 Qxe6 27.Qxe6 fxe6 28.Rxe6 Rd3
29.Kf1 Kf7 30.Re2 g5 31.hxg5 hxg5 32.Ke1 Kf6 33.Rd2 Rb3 34.Kd1 a5 35.Kc2 Rf3
36.a4 Kf5 37.Re2 Kg4 38.Kb1 Rf5 39.f4 gxf4 40.gxf4 Rxf4 41.Re7 Rb4 42.Kc2 Kf5
43.b3 Kf6 44.Rh7 Ke6 45.Rh5 b6 46.Kc3 Re4 47.Kb2 Re5 48.Rh2 Kd5 49.Rd2+ Kc5
50.Rc2+ Kd6 51.Rd2+ Rd5 52.Rh2 Rd3 53.Kc2 Rd4 54.Rh5 Rd5 55.Rh4 Re5 56.Kb2 Kd5
57.Rh2 Re4 58.Rd2+ Rd4 59.Rh2 c5 60.Rh6 Rb4 61.Kc3 c4 62.Rh5+ Kc6 63.Rh6+ Kb7
64.bxc4 Rxa4 65.Rh7+ Ka6 66.Rh6  1/2-1/2

[Event "ch-ROM Women"]
[Site "Baile Tusnad ROM"]
[Date "2001.02.17"]
[Round "10"]
[White "Bogza,A"]
[Black "Ionescu Brandis,I"]
[Result "1-0"]
[WhiteElo "2274"]
[BlackElo "2330"]

1.Nf3 d5 2.g3 c6 3.Bg2 Bg4 4.b3 Nd7 5.Bb2 Ngf6 6.O-O e6 7.c4 Bd6 8.d3 O-O
9.Nbd2 Qe7 10.a3 a5 11.Qc2 h6 12.Rfe1 e5 13.e4 dxe4 14.dxe4 Rfd8 15.h3 Bxf3
16.Nxf3 Nf8 17.Red1 b6 18.Rd2 Ne8 19.Rad1 f6 20.Nh4 Bc5 21.Nf5 Qc7 22.h4 Ne6
23.Bh3 Kf7 24.Rxd8 Rxd8 25.Qe2 Nd4 26.Bxd4 Bxd4 27.Kg2 Bc5 28.a4 Rxd1 29.Qxd1 Nd6
30.Qg4 Nxf5 31.Qxf5 Qd6 32.h5 Qd2 33.Bg4 Qd6 34.Kh3 Kf8 35.Qc8+ Kf7 36.Bf5 Ke7
37.f3 Be3 38.Qg8 Qd8 39.Qe6+ Kf8 40.Bg6  1-0

[Event "ch-ROM Women"]
[Site "Baile Tusnad ROM"]
[Date "2001.02.17"]
[Round "10"]
[White "Apostoaie,Li"]
[Black "Ciobanu,C"]
[Result "1/2-1/2"]
[WhiteElo "2180"]
[BlackElo "2209"]

1.Nf3 d5 2.g3 Bg4 3.Bg2 Nd7 4.O-O c6 5.d3 e5 6.Nbd2 Ngf6 7.e4 dxe4 8.dxe4 a5
9.h3 Bxf3 10.Bxf3 Bc5 11.Nc4 O-O 12.Bg5 Qc7 13.Qe1 b5 14.Nd2 a4 15.g4 a3
16.b3 Bd4 17.Rb1 Nc5 18.Bxf6 gxf6 19.Qe2 Ne6 20.Bg2 Nf4 21.Qf3 c5 22.Kh2 Qa5
23.Rfd1 Qc3 24.Qxc3 Bxc3 25.Bf1 Rab8 26.Nf3 Bd4 27.Kg3 Ng6 28.Ng1 Ne7 29.Ne2 b4
30.Kg2 Rfd8 31.Ng3 Nc6 32.Rd3 Na5 33.Nf5 Rd7 34.Rbd1 Rbd8  1/2-1/2

[Event "Bundesliga 2000-1"]
[Site "Porz GER"]
[Date "2001.02.17"]
[Round "8"]
[White "Aronian,L"]
[Black "Lutz,C"]
[Result "1/2-1/2"]
[WhiteElo "2551"]
[BlackElo "2595"]

1.Nf3 d5 2.g3 c6 3.Bg2 Bg4 4.c4 e6 5.cxd5 Bxf3 6.Bxf3 cxd5 7.Nc3 Nc6 8.O-O Nf6
9.d3 Be7 10.Bd2 O-O 11.a3 a6 12.Rc1 Rc8 13.Bg2 b5 14.b4 Qd7 15.Qb3 h6 16.Rfd1 Rfd8
17.Be1 Qa7 18.e3 Qb6 19.Ne2 a5 20.bxa5 Nxa5 21.Qb2 Nc6 22.Rc3 Ne8 23.Rb3 Rb8
24.Rb1 Qa6 25.Bc3 Ra8 26.Rxb5 Qxa3 27.Qd2 Bf6 28.Rc1 Bxc3 29.Rxc3 Qa6 30.Rbc5 Ne7
31.Bh3 Rdc8 32.Nd4 Qa1+ 33.Kg2 Rxc5 34.Rxc5 Ra2 35.Rc2 Rxc2 36.Qxc2 Qa7 37.Nf3 Qc7
38.Qa4 Qc6 39.Qa7 Qc7 40.Qa8 Qc8 41.Qa5 Qc7 42.Qa4 Qc6 43.Qb4 Qd6 44.Qb5 Qc6
45.Qb3 Qd6 46.Nd4 Kh7 47.Qb7 Qc7 48.Qb2 Nc6 49.Ne2 Nf6 50.Qc2 Qd6 51.Kg1 Kg8
52.Bf1 Ne5 53.Nd4 Qb8 54.Kg2 Qb7 55.Be2 Kh7 56.Qc3 Qb8 57.Bd1 Kg8 58.h3 Kh7
59.Bc2 Kg8 60.Kf1 Kh8 61.Ke2 Kg8 62.Qa3 Kh8 63.Qc3  1/2-1/2

[Event "Bundesliga 2000-1"]
[Site "Mainz GER"]
[Date "2001.02.18"]
[Round "9"]
[White "Pachow,J"]
[Black "Duppel,M"]
[Result "0-1"]
[WhiteElo "2297"]
[BlackElo "2376"]

1.Nf3 d5 2.g3 c6 3.Bg2 Bg4 4.c4 e6 5.O-O Nd7 6.d3 Ngf6 7.Be3 Bd6 8.Qb3 Qb8
9.Nc3 O-O 10.Rac1 Nc5 11.Bxc5 Bxc5 12.e3 Rd8 13.Ne2 Bd6 14.Nc3 Rd7 15.Rfe1 h6
16.Qa4 a6 17.cxd5 cxd5 18.e4 b5 19.Qb3 dxe4 20.Nxe4 Nxe4 21.Rxe4 Bxf3 22.Bxf3 Raa7
23.d4 Qd8 24.a4 b4 25.d5 exd5 26.Qxd5 Bf4 27.Qxd7 Rxd7 28.Rxf4 Rd4 29.Rf5 g6
30.Rfc5 Qf6 31.Kg2 Rd3 32.Be4 Rd2 33.R1c2 Qxf2+  0-1

[Event "ch-ROM"]
[Site "Baile Tusnad ROM"]
[Date "2001.02.20"]
[Round "15"]
[White "Moldovan,D"]
[Black "Foisor,O"]
[Result "1/2-1/2"]
[WhiteElo "2432"]
[BlackElo "2409"]

1.Nf3 d5 2.g3 g6 3.Bg2 Bg7 4.O-O e6 5.c4 Ne7 6.d3 O-O 7.Qc2 Nbc6 8.a3 a5
9.Nc3 h6 10.Rb1 dxc4 11.dxc4 e5 12.Rd1  1/2-1/2

[Event "Open"]
[Site "Coria del Rio ESP"]
[Date "2001.02.20"]
[Round "7"]
[White "Komljenovic,D"]
[Black "Korneev,O"]
[Result "1-0"]
[WhiteElo "2512"]
[BlackElo "2600"]

1.Nf3 d5 2.g3 c6 3.Bg2 Bg4 4.b3 Nd7 5.Bb2 Ngf6 6.h3 Bh5 7.O-O e6 8.d3 Bd6
9.Nbd2 O-O 10.Qe1 e5 11.e4 Re8 12.Nh4 Nc5 13.Nf5 Bc7 14.Kh1 Bg6 15.Nh4 Bh5
16.Bf3 Ba5 17.Bxh5 Nxh5 18.Rd1 Nf4 19.Qe3 Bb6 20.d4 Nce6 21.Nf5 exd4 22.Qf3 Ng6
23.exd5 cxd5 24.Rfe1 Qd7 25.Qg4 Rac8 26.Rc1 Ba5 27.Re2 Bxd2 28.Rxd2 Ne5 29.Qh5 f6
30.Nxd4 Ng5 31.Kg2 Nc6 32.Nf3 Nxf3 33.Qxf3 d4 34.Rcd1 Ne5 35.Qf4 Qd5+ 36.f3 Nc6
37.c4 Qa5 38.Bxd4 Rcd8 39.Bf2 Rxd2 40.Qxd2 Qxd2 41.Rxd2 Re7 42.f4 Kf7 43.Bc5 Rc7
44.Kf3 b6 45.Ba3 a6 46.Bd6 Rd7 47.Ke4 Rd8 48.Rd5 Re8+ 49.Kf3 Rc8 50.Ke3 Re8+
51.Kd2 Rc8 52.Kc3 g6 53.g4 h6 54.f5 g5 55.a4 h5 56.Bg3 hxg4 57.hxg4 Ke7 58.Rd6 a5
59.Re6+ Kf7 60.Bh2 Nb4 61.Bg1 Nd5+ 62.Kb2 Nf4 63.Rxb6 Nd3+ 64.Kc3 Nf4 65.Rb7+ Ke8
66.Bh2 Nd5+ 67.Kd4 Nb4 68.Bd6 Nc2+ 69.Kd5 Ne3+ 70.Ke6 Nxg4 71.Re7+ Kd8 72.Rh7  1-0

[Event "5th United Insurance"]
[Site "Dhaka BAN"]
[Date "2001.02.20"]
[Round "2"]
[White "Rausis,I"]
[Black "Sandipan,C"]
[Result "1/2-1/2"]
[WhiteElo "2525"]
[BlackElo "2431"]

1.Nf3 d5 2.g3 Nf6 3.Bg2 e6 4.d4 Be7 5.c4 O-O 6.O-O c6 7.Qc2 Nbd7 8.Rd1 b6
9.b3 Ba6 10.a4 Rc8 11.a5 c5 12.axb6 Qxb6 13.Qa2 Bb7 14.Qxa7 dxc4 15.bxc4 cxd4
16.Nxd4 Bxg2 17.Kxg2 Rxc4 18.Qxb6  1/2-1/2

[Event "It"]
[Site "Tel Aviv ISR"]
[Date "2001.02.21"]
[Round "2"]
[White "Botvinnik,Il"]
[Black "Haimovich,T"]
[Result "1/2-1/2"]
[WhiteElo "2434"]
[BlackElo "2302"]

1.Nf3 d5 2.g3 Nf6 3.Bg2 c6 4.d3 Bg4 5.Nbd2 Nbd7 6.h3 Bh5 7.c4 e6 8.O-O Bd6
9.cxd5 exd5 10.Nh4 O-O 11.Nf5 Bc7 12.Nf3 Re8 13.Re1 Nf8 14.N3h4 Ne6 15.Bd2 Qd7
16.Qc2 Rad8 17.e3 Nf8 18.Bc3 Qe6 19.f4 c5 20.g4 Bg6 21.b4 b6 22.Qf2 N8d7
23.Rad1 Bxf5 24.Nxf5 Bd6 25.e4 d4 26.Nxd6 dxc3 27.Nxe8 Nxe8 28.bxc5 Nxc5
29.d4 Na4 30.d5 Qc8 31.e5 Nb2 32.Rd4 Qc5 33.d6 b5 34.Be4 b4 35.Rd5 Qc4 36.Ra5 Nd3
37.Bxd3 Qxd3 38.Qe3 Qc4 39.Rxa7 h5 40.gxh5 Qe6 41.Qd3 Nxd6 42.Ra6 Qc4 43.Qxc4 Nxc4
44.Rc6 Rd4 45.f5 c2 46.Kf2 Rf4+ 47.Kg3 Rd4 48.Rc1 Rd3+ 49.Kf2 Nxe5 50.Rc5 f6
51.R1xc2 Rxh3 52.Kg2 Rxh5 53.Rf2 Kh7 54.Rb5 Rh4 55.Kg1 Kh6 56.Rb7 Rd4 57.Rh2+ Kg5
58.Rxg7+ Kxf5 59.Rf2+ Ke6 60.Ra7 Rd6 61.Rb7 Nd3 62.Rd2 Ke5 63.Rb5+ Ke6 64.Kf1 Rd4
65.Ke2 Nc1+ 66.Kd1 Rxd2+ 67.Kxd2 Nxa2  1/2-1/2

[Event "Open"]
[Site "Coria del Rio ESP"]
[Date "2001.02.22"]
[Round "9"]
[White "Simonenko,S"]
[Black "Korneev,O"]
[Result "0-1"]
[WhiteElo "2463"]
[BlackElo "2600"]

1.Nf3 d5 2.g3 c6 3.Bg2 Nf6 4.O-O Bg4 5.d4 Nbd7 6.Nbd2 e6 7.Re1 Be7 8.e4 O-O
9.exd5 cxd5 10.c3 b5 11.a4 b4 12.c4 dxc4 13.Nxc4 Rc8 14.Qb3 Nb6 15.Nce5 Bf5
16.a5 Nbd5 17.Qd1 h6 18.h3 Rc7 19.g4 Bh7 20.Qe2 Rc2 21.Qa6 Qc8 22.Qxc8 Rfxc8
23.g5 Nh5 24.h4 Nhf4 25.Bf1 h5 26.Nd2 f6 27.Nef3 Bd3 28.Nb3 Kf7 29.Bg2 Bd6
30.Nc5 Bxc5 31.dxc5 e5 32.Nd2 Nxg2 33.Kxg2 R8xc5 34.Nb3 R5c4 35.a6 Rg4+ 36.Kh3 Rxf2  0-1

[Event "Czech Extra League 2000-1"]
[Site "CZE"]
[Date "2001.02.25"]
[Round "7"]
[White "Freisler,P"]
[Black "Pacovsky,J"]
[Result "1/2-1/2"]
[WhiteElo "2365"]
[BlackElo "2330"]

1.Nf3 d5 2.g3 Nf6 3.Bg2 c6 4.O-O Bf5 5.d3 e6 6.Nc3 Nbd7 7.Nd2 Bg6 8.e4 dxe4
9.dxe4 e5 10.Nc4 Qc7 11.f4 Bc5+ 12.Kh1 Bh5 13.Qe1 O-O-O 14.fxe5 Nxe5 15.Bf4 Bd6
16.Nb5 cxb5 17.Nxd6+ Qxd6 18.Qc3+ Qc7 19.Qxc7+ Kxc7 20.Bxe5+ Kd7 21.Bxf6 gxf6
22.Rxf6 Bg6 23.Rf2 Rhe8 24.Rd1+ Kc7 25.Rxd8 Rxd8 26.Bf3 b6 27.Kg2 Rd4 28.Re2 f6
29.Kf2 Kd6 30.c3 Rd3 31.Re3 Rd2+ 32.Re2 Rd3 33.h4 h6 34.Re3 Rd2+ 35.Re2 Rd3
36.Rc2 Ke5 37.Be2 Rd6 38.Bxb5 Bxe4 39.Re2 f5 40.Ke3 Rg6 41.Kf2 f4 42.Bd3 fxg3+
43.Kg1 Rg4 44.Rxe4+ Rxe4 45.Bxe4 Kxe4 46.Kg2 a5 47.Kxg3 h5 48.b3 Ke3 49.b4 axb4
50.cxb4 Kd4 51.Kf4 Kc4 52.Kg5 Kxb4 53.Kxh5 Ka3 54.Kg5 b5 55.h5 b4  1/2-1/2

[Event "IV Open"]
[Site "Malaga ESP"]
[Date "2001.02.25"]
[Round "3"]
[White "Arencibia,W"]
[Black "Diez Gonzalez,P"]
[Result "0-1"]
[WhiteElo "2534"]
[BlackElo "2317"]

1.Nf3 d5 2.g3 Nf6 3.Bg2 Bg4 4.O-O e6 5.c4 c6 6.Qb3 Qb6 7.Qc2 Nbd7 8.d3 Be7
9.Nc3 O-O 10.e4 dxe4 11.dxe4 e5 12.Be3 Qc7 13.Na4 b6 14.Ne1 Rfe8 15.Nd3 Nf8
16.f3 Bh5 17.Bh3 Rad8 18.Rad1 h6 19.Nc3 N6h7 20.Rd2 Ng5 21.Bg2 Nge6 22.f4 exf4
23.gxf4 Nd4 24.Qb1 Ng6 25.Kh1 Nh4 26.Ne5 Ne6 27.Qe1 Rxd2 28.Qxd2 g5 29.Bh3 Bd6
30.Nxf7 Bxf7 31.e5 Bxe5 32.fxe5 Qxe5 33.Qd7 Bg6 34.Bxe6+ Qxe6 35.Qxe6+ Rxe6
36.Bc1 Bd3 37.Rd1 Bxc4 38.Kg1 Rf6 39.b3 Ba6 40.Ne4 Re6 41.Ng3 c5 42.Bb2 Nf3+
43.Kf2 Nxh2 44.Rd7 Ng4+ 45.Kf3 Ne5+ 46.Bxe5 Rxe5 47.Rxa7 Bd3 48.Rd7 c4 49.Nh5 Be2+  0-1

[Event "Open"]
[Site "Cappelle la Grande FRA"]
[Date "2001.02.27"]
[Round "5"]
[White "Aronian,L"]
[Black "Sulskis,S"]
[Result "0-1"]
[WhiteElo "2522"]
[BlackElo "2501"]

1.Nf3 d5 2.g3 c6 3.Bg2 Bg4 4.O-O h5 5.d3 h4 6.Nxh4 e5 7.Nf3 Nd7 8.Nbd2 Ngf6
9.e4 dxe4 10.dxe4 Bc5 11.Qe1 Qe7 12.a4 O-O-O 13.Ng5 Nh5 14.Nb3 f6 15.Nxc5 Nxc5
16.f3 Bd7 17.Nh3 Ne6 18.b4 g5 19.Qf2 Kb8 20.Be3 a6 21.b5 cxb5 22.axb5 Bxb5
23.Rfb1 Nd4 24.Bf1 Qe6 25.c3 Bxf1 26.Qxf1 Nxg3 27.hxg3 Rxh3 28.cxd4 Rdh8
29.Kf2 exd4 30.Bxd4 Qd6 31.Ke3 Rxg3 32.Qf2 Rhh3 33.Rf1 Rxf3+ 34.Qxf3 Qf4+
35.Ke2 Rxf3 36.Rxf3 Qxe4+ 37.Be3 f5 38.Rg1 f4 39.Rxg5 Qc4+ 40.Kd2 Qb4+ 41.Kd3 Qb3+
42.Kd2 fxe3+ 43.Rxe3 Qb4+ 44.Kc2 Qc4+ 45.Rc3 Qe4+ 46.Kb2 Ka7 47.Rg7 Qd4 48.Rc7 a5
49.Rc4 Qf6 50.Rc5 Ka6 51.Rc7 b6 52.Ka3 Qd6+ 53.Kb3 Kb5 54.Ka2 a4 55.Rc1 Qd5+
56.Ka1 Ka5 57.R7c2 b5 58.Rc5 Qd4+ 59.Ka2 Kb4 60.R5c2 a3 61.Re2 Ka4 62.Rh1  0-1

[Event "Open"]
[Site "Cappelle la Grande FRA"]
[Date "2001.03.01"]
[Round "7"]
[White "Kengis,E"]
[Black "Burmakin,V"]
[Result "1/2-1/2"]
[WhiteElo "2586"]
[BlackElo "2493"]

1.Nf3 d5 2.g3 c6 3.Bg2 Nf6 4.O-O Bg4 5.c4 e6 6.cxd5 Bxf3 7.Bxf3 cxd5 8.d3 Nc6
9.Nc3 Bc5 10.Bd2 O-O 11.Rc1 Be7 12.Bg2 Rc8 13.a3 Qd7 14.b4 Nd4 15.e3 Nb5
16.Qb3 Nxc3 17.Bxc3 Rfd8 18.Rfd1 Ne8 19.e4 Nc7 20.Be5 d4 21.Rc4 Nb5 22.Bf3 Bf6
23.Bf4 Nc3 24.Re1 b5 25.Rxc8 Rxc8 26.Kg2 Qd8 27.h4 Be7 28.Bd2 a5 29.Bf4 Bf6  1/2-1/2

[Event "Open"]
[Site "Cappelle la Grande FRA"]
[Date "2001.03.02"]
[Round "8"]
[White "Danielian,E"]
[Black "Saltaev,M"]
[Result "1-0"]
[WhiteElo "2369"]
[BlackElo "2526"]

1.Nf3 d5 2.g3 c6 3.Bg2 Nf6 4.O-O g6 5.b3 Bg7 6.Bb2 O-O 7.d3 a5 8.a3 Nbd7
9.Nbd2 Nc5 10.c4 Nh5 11.Bxg7 Nxg7 12.b4 Nce6 13.cxd5 cxd5 14.Qb3 Nf5 15.Qb2 Ra6
16.b5 Rd6 17.Rac1 Qb6 18.a4 Nfd4 19.Nb3 Nxf3+ 20.Bxf3 Ng5 21.Qc3 Nxf3+ 22.exf3 Bf5
23.g4 d4 24.Qd2 Be6 25.Nxa5 Rdd8 26.Nc4 Qa7 27.Qb4 b6 28.Ne5 Rd6 29.Rc6 Rfd8
30.Rfc1 f6 31.Nc4 Bxc4 32.Qxc4+ Kf8 33.Rxd6 Rxd6 34.Qc8+ Kf7 35.Qh8 f5 36.Qxh7+ Kf6
37.Qh8+ Kf7 38.g5 Qb7 39.Kg2 Ke6 40.Re1+ Kf7 41.Qh7+ Kf8 42.h4  1-0

[Event "Victor Ciocaltea Mem"]
[Site "Bucharest ROM"]
[Date "2001.03.04"]
[Round "1"]
[White "Badea,B"]
[Black "Fressinet,L"]
[Result "1/2-1/2"]
[WhiteElo "2460"]
[BlackElo "2581"]

1.Nf3 d5 2.g3 Bg4 3.Bg2 Nd7 4.d3 e5 5.O-O Ngf6 6.Qe1 c6 7.e4 dxe4 8.dxe4 Bc5
9.Nbd2 O-O 10.Nc4 Re8 11.b4 Bf8 12.Bb2 Qc7 13.a3 b5 14.Ne3 Bh5 15.c4 a5 16.Nh4 axb4
17.axb4 Rxa1 18.Bxa1 bxc4 19.Nxc4 Qb8 20.Nf3 Bxb4 21.Qb1 Bxf3 22.Bxf3 Qb5
23.Be2 Bf8 24.Qc2 Qc5 25.Rc1 g6 26.Kg2 h5 27.f3 h4 28.Qd2 Qb4 29.Bc3 Qe7  1/2-1/2

[Event "5th United Insurance"]
[Site "Dhaka BAN"]
[Date "2001.03.04"]
[Round "13"]
[White "Murshed,N"]
[Black "Prakash,G"]
[Result "1-0"]
[WhiteElo "2457"]
[BlackElo "2453"]

1.Nf3 d5 2.g3 c6 3.Bg2 Nf6 4.b3 Bg4 5.Bb2 e6 6.d3 Nbd7 7.Nbd2 Bd6 8.c4 O-O
9.O-O a5 10.a3 Re8 11.h3 Bh5 12.Qc2 e5 13.g4 Bg6 14.e4 dxe4 15.dxe4 h5 16.g5 Nh7
17.h4 Nhf8 18.Rfd1 Qb6 19.Nf1 Bc7 20.Bc3 Nc5 21.N1d2 Rad8 22.b4 Nd3 23.c5 Qa7
24.Bf1 Nf4 25.Nc4 Rxd1 26.Rxd1 axb4 27.axb4 Nd5 28.Bd2 Qb8 29.Bh3 Ne6 30.Bxe6 Rxe6
31.Ne3 Re8 32.Qc4 Nxe3 33.Bxe3 Qc8 34.Nh2 Qh3 35.f3 Qxh4 36.Qe2 Qh3 37.Nf1 Rd8
38.Rb1 h4 39.Qg2 Qe6 40.Qh2 Bh5 41.Qxh4 Bxf3 42.Rb2 Qg4+ 43.Qxg4 Bxg4 44.Kf2 Ra8
45.b5 cxb5 46.Rxb5 Rb8 47.Ng3 g6 48.Ne2 Bd7 49.Rb1 Bc6 50.Nc3 Ra8 51.Nd5 Bd8
52.Rd1 Kg7 53.Rd2 Ra3 54.Rd1 Ra2+ 55.Kf3 Ra3 56.Kf2 Ba5 57.Nf6 Kf8 58.Nd7+ Bxd7
59.Rxd7 Rb3 60.c6 bxc6 61.Bc5+ Kg7 62.Be7 Rb8 63.Kf3 Kg8 64.Bf6 Rc8 65.Bxe5 c5
66.Bf6 c4 67.Rd1 c3 68.Rh1  1-0

[Event "Victor Ciocaltea Mem"]
[Site "Bucharest ROM"]
[Date "2001.03.05"]
[Round "2"]
[White "Badea,B"]
[Black "Navrotescu,C"]
[Result "1/2-1/2"]
[WhiteElo "2460"]
[BlackElo "2451"]

1.Nf3 d5 2.g3 Bg4 3.Bg2 Nd7 4.c4 e6 5.cxd5 exd5 6.O-O Ngf6 7.d3 Be7 8.Qc2 O-O
9.h3 Bh5 10.Nc3 Nc5 11.Nd4  1/2-1/2

[Event "Victor Ciocaltea Mem"]
[Site "Bucharest ROM"]
[Date "2001.03.09"]
[Round "6"]
[White "Badea,B"]
[Black "Nisipeanu,LD"]
[Result "1/2-1/2"]
[WhiteElo "2460"]
[BlackElo "2596"]

1.Nf3 d5 2.g3 Nd7 3.d4 e6 4.Bg2 Bd6 5.O-O Ne7 6.e4 dxe4 7.Ng5 Nf6 8.Nc3 Nf5
9.Ncxe4 Be7 10.c3 Nxe4 11.Nxe4 Bd7 12.Qe2 Bc6 13.Rd1 O-O 14.Bf4 a5 15.b3 Re8
16.a3 Bd6 17.Bg5 Be7 18.Bf4 h6 19.Qd3 Bf8 20.Qc2 Ra6 21.Nc5 Bxc5 22.dxc5 Qe7
23.Bxc6 Rxc6 24.b4 Qf6 25.Re1 e5 26.Qe4 axb4 27.axb4 Rce6 28.Be3 c6 29.Red1 R6e7
30.Bd2 Rd7 31.Be1 Qe6 32.Rxd7 Qxd7 33.h4 h5 34.Ra7 Qc8 35.Kg2 g6 36.Bd2 Kg7
37.Bg5 Qb8 38.Ra1 Qc7 39.Ra7 Qb8 40.Ra2 f6 41.Bc1 Qc8 42.Ra7 Re7 43.Qe2 Rd7
44.Qa2 Rd1 45.Kh2 Rxc1 46.Qa6 Ne7 47.Rxb7 Qe6 48.Qa8 Kf7 49.Qh8  1/2-1/2

[Event "TCh-FIN 00-01"]
[Site "FIN"]
[Date "2001.03.10"]
[Round "8"]
[White "Holmsten,A"]
[Black "Salo,Ta"]
[Result "1/2-1/2"]
[WhiteElo "2435"]
[BlackElo "2324"]

1.Nf3 d5 2.g3 c6 3.Bg2 Bg4 4.Ne5 Bh5 5.d4 Nf6 6.O-O e6 7.c4 Nbd7 8.Nxd7 Qxd7
9.b3 Bd6 10.Bb2 O-O 11.Nc3 Rfe8 12.Re1 Rad8 13.Qd2 Bg6 14.Rad1 b5 15.cxb5 cxb5
16.e3 Rb8 17.Rc1 a5 18.Qe2 a4 19.e4 a3 20.e5 axb2 21.Qxb2 Be7 22.exf6 Bxf6
23.Qd2 Be7 24.Bf1 Ba3 25.Rcd1 Bb4 26.Qe3 Rec8 27.Rc1 Ba3 28.Rcd1 Bb4 29.Rc1 Ba3
30.Rcd1 Bb4  1/2-1/2

[Event "Belgian Interteams 2000-1"]
[Site "BEL"]
[Date "2001.03.11"]
[Round "10"]
[White "Van Mechelen,J"]
[Black "Baert,A"]
[Result "1/2-1/2"]
[WhiteElo "2235"]
[BlackElo "2179"]

1.Nf3 d5 2.g3 Nf6 3.Bg2 c6 4.O-O Bg4 5.b3 Nbd7 6.Bb2 e6 7.d3 a5 8.c4 Bd6
9.Na3 Qe7 10.Nc2 O-O 11.a3 Rfd8 12.Bc3 a4 13.b4 dxc4 14.dxc4 Ne5 15.Ne3 Nxf3+
16.exf3 Bh5 17.Qe2 Qc7 18.Ng4 Nd7 19.c5 Be7 20.Rad1 b6 21.Rxd7 Rxd7 22.cxb6 Qd6
23.Ne5 Rdd8 24.g4 Bg6 25.Nxg6 hxg6 26.Be5 Qd7 27.f4 Qb7 28.Bc7 Bd6 29.Bxd8 Rxd8
30.Rc1 Qxb6  1/2-1/2

[Event "Ivan Zanic Mem"]
[Site "Stara Pazova YUG"]
[Date "2001.03.14"]
[Round "6"]
[White "Popchev,M"]
[Black "Zivanic,M"]
[Result "1/2-1/2"]
[WhiteElo "2482"]
[BlackElo "2418"]

1.Nf3 d5 2.g3 Nf6 3.Bg2 e6 4.e3 Be7 5.d4 O-O 6.b3 c5 7.O-O Nc6 8.Bb2 b6 9.Nbd2 Bb7
10.c4 cxd4 11.Nxd4 Nxd4 12.Bxd4 Qd7  1/2-1/2